000 00507nam a2200193Ia 4500
005 20250508150331.0
008 008 250505s9999 xx 000 0 eng d
037 _aTextual
040 _aFEDL
_beng
_cFEDL
041 _aeng
_2eng
084 _a155.5, WAL
_qFEDL
100 _aWall W. D.
245 0 _aAdolescent child
260 _aLondon, UK
_bMethuen and Co. Ltd.
_c1948
300 _ax,206
650 _aChild Psychology
942 _cTEXL
_h155.5, WAL
999 _c1323053
_d1323053